000
00312nam a2200133Ia 4500
005
20251222155125.0
008
251222s9999||||xx |||||||||||||| ||spa||
082
_a
MEQ.269
100
_a
MINSA.
245
0
_a
Infecciones Intrahospitalarias
250
_a
1ra. ed.
264
_b
Acción cientÃfica
942
_c
LIB
999
_c
38578
_d
38578